Statistics for Sidemen Most Viewed Videos

Click here to take the quiz!

General Stats

  • This quiz has been taken 72 times
  • The average score is 5 of 21

Answer Stats

#VideoViews% Correct
1Sidemen Tinder in Real Life Part 249m
98%
5Sidemen Tinder in Real Life36m
86%
3Sidemen Tinder in Real Life (Youtube Edition)44m
79%
15Tinder in Real Life Part 322m
76%
9Sidemen Go Back To School30m
22%
10Sidemen Bake Off27m
21%
17Sidemen Blind Dating20m
19%
17Sidemen Blind Dating Part 220m
19%
12Sidemen Spelling Bee25m
14%
15Sidemen Total Wipeout Challenge22m
14%
7The Roast of the Sidemen31m
14%
12Sidemen Slip and Slide Football Challenge25m
12%
14Sidemen Speed Dating23m
12%
11How Hard can The Sidemen Punch26m
10%
17Sidemen Box of Lies20m
10%
7Sidemen Eat 70,000 Calories in 24 Hours31m
9%
16Sidemen Silent Challenge21m
7%
4Sidemen $10,000 v $100 Holiday40m
5%
6Sidemen $10,000 v $100 Road Trip33m
5%
1Sidemen $20,000 v $200 Holiday (Europe Edition)49m
3%
17Sidemen v Faze Crossbar Challenge20m
3%

Score Distribution

Percentile by Number Answered

Percent of People with Each Score

Your Score History

You have not taken this quiz